Adivina el país - Ahorcado #2 - Estadísticas

Estadísticas generales
  • Esta prueba ha sido intentada 229 veces
  • La puntuación promedio es 4 de 6
Estadísticas de respuestas
Respuesta % Correcto
#1 A
100%
#1 A
100%
#3 A
100%
#3 A
100%
#4 A
100%
#6 A
100%
#6 A
100%
#8 A
100%
#8 A
100%
#10 A
100%
#10 A
100%
#11 A
100%
#14 A
100%
#15 A
100%
#17 A
100%
#17 A
100%
#18 A
100%
#21 A
100%
#22 A
100%
#23 A
100%
#25 A
100%
#25 A
100%
#25 A
100%
#27 A
100%
#27 A
100%
#27 A
100%
#28 A
100%
#28 A
100%
#29 A
100%
#30 A
100%
#31 A
100%
#31 A
100%
#12 B
100%
#22 B
100%
#21 C
100%
#25 C
100%
#25 D
100%
#4 E
100%
#5 E
100%
#12 E
100%
#22 E
100%
#24 E
100%
#24 E
100%
#26 E
100%
#1 G
100%
#9 I
100%
#9 I
100%
#12 I
100%
#13 I
100%
#22 I
100%
#23 I
100%
#1 L
100%
#21 M
100%
#27 M
100%
#1 N
100%
#12 N
100%
#21 N
100%
#25 N
100%
#1 O
100%
#21 O
100%
#21 O
100%
#12 R
100%
#22 R
100%
#5 S
100%
#22 S
100%
#23 S
100%
#12 U
100%
#3 B
83%
#17 E
83%
#3 G
83%
#3 I
83%
#17 Ñ
83%
#17 P
83%
#17 S
83%
#16 A
80%
#16 A
80%
#11 E
80%
#15 B
75%
#24 B
75%
#24 C
75%
#2 E
75%
#15 I
75%
#24 I
75%
#15 L
75%
#24 L
75%
#15 N
75%
#27 N
75%
#15 O
75%
#27 P
75%
#18 E
71%
#18 I
71%
#30 B
67%
#30 I
67%
#28 L
67%
#30 L
67%
#3 M
67%
#26 O
67%
#28 O
67%
#30 R
67%
#30 S
67%
#11 I
60%
#11 N
60%
#18 C
57%
#18 G
57%
#18 R
57%
#13 E
50%
#14 I
50%
#5 L
50%
#2 O
50%
#5 O
50%
#5 O
50%
#20 O
50%
#20 O
50%
#20 O
50%
#13 R
50%
#20 S
50%
#5 T
50%
#11 B
40%
#16 I
40%
#16 N
40%
#11 R
40%
#4 I
33%
#28 P
33%
#28 S
33%
#2 G
25%
#2 I
25%
#2 T
25%
#6 L
20%
#6 M
20%
#16 T
20%
#16 W
20%
#7 A
0%
#7 A
0%
#19 A
0%
#19 A
0%
#9 B
0%
#10 B
0%
#13 C
0%
#23 C
0%
#26 C
0%
#7 D
0%
#8 D
0%
#23 E
0%
#4 G
0%
#8 G
0%
#31 G
0%
#13 H
0%
#6 I
0%
#10 I
0%
#19 I
0%
#19 I
0%
#26 I
0%
#14 K
0%
#20 K
0%
#19 L
0%
#29 L
0%
#10 M
0%
#26 M
0%
#4 N
0%
#7 N
0%
#8 N
0%
#31 N
0%
#2 P
0%
#13 P
0%
#7 R
0%
#9 T
0%
#14 T
0%
#19 T
0%
#29 T
0%
#4 U
0%
#6 U
0%
#7 U
0%
#8 U
0%
#9 U
0%
#14 U
0%
#23 U
0%
#29 U
0%
#29 U
0%
#31 U
0%
#20 V
0%
#29 V
0%
#14 W
0%
#26 X
0%
#9 Y
0%
#31 Y
0%
#10 Z
0%
No se encontraron pruebas coincidentes
Distribución de puntuación
Porcentaje de gente con cada puntuación
Porcentaje por número respondido
Historial de tus puntuaciones
No has intentado esta prueba.